ARRUPE JESUIT UNIVERSITY

CORONAVIRUS -STOP THE SPREAD - CLEAN,DISINFECT,COVER

The Green reader : (Record no. 119037)

MARC details
000 -LEADER
fixed length control field 01096cam a2200289 a 4500
001 - CONTROL NUMBER
control field 2959186
003 - CONTROL NUMBER IDENTIFIER
control field ARRUPE
005 - DATE AND TIME OF LATEST TRANSACTION
control field 20131203184338.0
008 - FIXED-LENGTH DATA ELEMENTS--GENERAL INFORMATION
fixed length control field 910307s1991 cau b 001 0 eng
010 ## - LIBRARY OF CONGRESS CONTROL NUMBER
LC control number 91009957
020 ## - INTERNATIONAL STANDARD BOOK NUMBER
International Standard Book Number 1562790102 (pbk. : acidfree paper) :
Terms of availability $11.95
020 ## - INTERNATIONAL STANDARD BOOK NUMBER
International Standard Book Number 156279017X (acidfree paper) :
Terms of availability $24.95
040 ## - CATALOGING SOURCE
Original cataloging agency DLC
Transcribing agency DLC
Modifying agency DLC
050 00 - LIBRARY OF CONGRESS CALL NUMBER
Classification number JA75.8
Item number .G74 1991
082 00 - DEWEY DECIMAL CLASSIFICATION NUMBER
Classification number 322.4/4
Edition number 20
300 ## - PHYSICAL DESCRIPTION
Dimensions 22 cm.
245 04 - TITLE STATEMENT
Title The Green reader :
Remainder of title essays toward a sustainable society /
Statement of responsibility, etc edited by Andrew Dobson ; foreword by David Gancher.
260 ## - PUBLICATION, DISTRIBUTION, ETC. (IMPRINT)
Place of publication, distribution, etc San Francisco :
Name of publisher, distributor, etc Mercury House,
Date of publication, distribution, etc 1991.
300 ## - PHYSICAL DESCRIPTION
Extent xii, 280 p. ;
504 ## - BIBLIOGRAPHY, ETC. NOTE
Bibliography, etc Includes bibliographical references and index.
650 #0 - SUBJECT ADDED ENTRY--TOPICAL TERM
Topical term or geographic name as entry element Green movement.
9 (RLIN) 4995
650 #0 - SUBJECT ADDED ENTRY--TOPICAL TERM
Topical term or geographic name as entry element Economic development
General subdivision Environmental aspects.
9 (RLIN) 4996
650 #0 - SUBJECT ADDED ENTRY--TOPICAL TERM
Topical term or geographic name as entry element Sustainable development.
9 (RLIN) 4997
700 1# - ADDED ENTRY--PERSONAL NAME
Personal name Dobson, Andrew.
9 (RLIN) 4998
906 ## - LOCAL DATA ELEMENT F, LDF (RLIN)
a 7
b cbc
c orignew
d 1
e ocip
f 19
g y-gencatlg
942 ## - ADDED ENTRY ELEMENTS (KOHA)
Source of classification or shelving scheme Library of Congress Classification
Koha item type Monograph ( Printed materials)
Holdings
Withdrawn status Lost status Source of classification or shelving scheme Damaged status Not for loan Home library Current library Shelving location Date acquired Total Checkouts Full call number Barcode Date last seen Price effective from Koha item type
    Library of Congress Classification     ARRUPE LIBRARY ARRUPE LIBRARY Main Collection 03/12/2013   JA75.8 .G74 1991 464123708 21/06/2018 03/12/2013 Monograph ( Printed materials)

 

Arrupe Library. PO Box MP320 Mt Pleasant, Harare, Zimbabwe
263 242 745411|librarian@aju.ac.zw